| 000 | 01049nam a22003137a 4500 | ||
|---|---|---|---|
| 003 | CHAP | ||
| 005 | 20220329135332.0 | ||
| 008 | 971013s1987 r 00010 d | ||
| 010 | _a34603 | ||
| 011 | _a35575 | ||
| 035 | _a39691 | ||
| 040 | _cCHAP | ||
| 090 | _aTesis | ||
| 100 | 0 | 0 |
_aMerlín Bermudes, Enrique. _975006 |
| 245 | _aEvaluación de preacondicionamiento a la semilla de cuatro leguminosas forestales del desierto Sonorense | ||
| 260 |
_aChapingo, Méx. : _bEl autor, _c1987 |
||
| 300 |
_a73 h. _b; gráfs |
||
| 502 | _aTesis (Ing. Agr. Esp. en Zonas Aridas) -- UACH. Departamento de Zonas Aridas | ||
| 590 |
_aALEPH _b10 _c20130110 _lUCH01 _h1300 |
||
| 590 |
_aBATCH-UPD _b10 _c20130110 _lUCH01 _h1633 |
||
| 590 |
_aBATCH-UPD _b10 _c20130410 _lUCH01 _h1025 |
||
| 590 |
_aBATCH-UPD _b10 _c20130914 _lUCH01 _h1541 |
||
| 590 |
_aCONVERSION _b10 _c20130109 _lUCH01 _h1319 |
||
| 650 | 1 | 4 |
_aGerminación. _947755 |
| 650 | 1 | 4 |
_aLeguminosas _xSemilla. _965851 |
| 901 | _aBK | ||
| 942 | _cTESIS | ||
| 949 |
_bBC _cTES _d-90531 _eTS1 _h19476 _i39691 _si |
||
| 999 |
_c34603 _d34603 |
||